Les plus grosses notes par pays sur FUT depuis 2010 - Statistiques

Statistiques générales
  • Ce quiz a été pris 391 fois
  • Le résultat moyen est 36 sur 51
Statistiques - réponses
Jeu Pays Joueur Club Note % Correct
FIFA 19 Argentine Lionel Messi FC Barcelone 94
96%
FIFA 22 France Kylian M'Bappé Paris SG 91
94%
FIFA 17 Brésil Neymar Jr FC Barcelone 92
93%
FIFA 18 Portugal Cristiano Ronaldo Real Madrid 94
91%
FIFA 19 Croatie Luka Modrić Real Madrid 91
90%
FIFA 21 Egypte Mohamed Salah Liverpool FC 90
90%
FIFA 22 Corée du Sud Heung-min Son Tottenham Hotspur 89
89%
FIFA 18 Allemagne Manuel Neuer Bayern Munich 92
89%
FIFA 19 Belgique Eden Hazard Chelsea FC 91
87%
FIFA 22 Algérie Riyad Mahrez Manchester City 86
86%
FIFA 12 Angleterre Wayne Rooney Manchester United 90
86%
FIFA 17 Uruguay Luis Suárez FC Barcelone 92
85%
FIFA 22 Pologne Robert Lewandowski Bayern Munich 92
85%
FIFA 22 Canada Alphonso Davies Bayern Munich 82
84%
FIFA 17 Pays de Galles Gareth Bale Real Madrid 90
84%
FIFA 21 Sénégal Sadio Mané Liverpool FC 90
84%
FIFA 12 Espagne Xavi FC Barcelone 92
84%
FIFA 11 Côte d'Ivoire Didier Drogba Chelsea FC 88
83%
FIFA 19 Danemark Christian Eriksen Tottenham Hotspur 88
82%
FIFA 17 Autriche David Alaba Bayern Munich 87
82%
FIFA 18 Gabon Pierre-Emerick Aubameyang Borussia Dortmund 88
82%
FIFA 10 Suède Zlatan Ibrahimovic FC Barcelone 90
82%
FIFA 18 Chili Alexis Sánchez Arsenal FC 89
81%
FIFA 22 Norvège Erling Haaland Borussia Dortmund 88
81%
FIFA 22 Ecosse Andrew Robertson Liverpool FC 87
79%
FIFA 10 Cameroun Samuel Eto'o Inter Milan 89
79%
FIFA 15 Pays-Bas Arjen Robben Bayern Munich 90
77%
FIFA 22 Slovénie Jan Oblak Atlético Madrid 91
73%
FIFA 10 Italie Gianluigi Buffon Juventus FC 90
69%
FIFA 10 Ghana Michael Essien Chelsea FC 87
68%
FIFA 14 Colombie Radamel Falcao Manchester United 90
68%
FIFA 10 Bosnie-Herzégovine Edin Džeko VfL Wolfsburg 86
66%
FIFA 21 Suisse Yann Sommer Borussia M'gladbach 86
65%
FIFA 19 Maroc Mehdi Benatia Juventus FC 86
62%
FIFA 13 Turquie Arda Turan Atlético Madrid 86
60%
FIFA 18 Arménie Henrikh Mkhitaryan Manchester United 85
60%
FIFA 19 Slovaquie Marek Hamšík SSC Naples 87
59%
FIFA 17 R. Tchèque Petr Čech Arsenal FC 88
59%
FIFA 18 Grèce Sokrátis Papastathópoulos Borussia Dortmund 86
57%
FIFA 12 Serbie Nemanja Vidić Manchester United 89
56%
FIFA 10 Bulgarie Dimitar Berbatov Manchester United 85
55%
FIFA 22 Nigéria Wilfred Ndidi Leicester City 85
55%
FIFA 21 Mexique Raúl Jiménez Wolverhampton 84
54%
FIFA 10 Australie Tim Cahill Everton FC 82
50%
FIFA 22 Hongrie Péter Gulácsi RB Leipzig 85
49%
FIFA 12 Japon Shinji Kagawa Manchester United 84
47%
FIFA 10 Russie Andreï Archavine Arsenal FC 86
43%
FIFA 10 Macédoine du Nord Goran Pandev Lazio Rome 84
41%
FIFA 10 Etats-Unis Tim Howard Everton FC 85
40%
FIFA 10 Roumanie Adrian Mutu AC Fiorentina 88
20%
FIFA 10 Irlande Shay Given Manchester City 85
9%
Aucun quiz correspondant
Distribution des résultats
% des personnes avec chaque résultat
Percentile par nombre de réponses
Votre historique - résultats
Vous n’avez pas pris ce quiz